• 首页
  • 本馆介绍
  • 公告通知
  • 最新文献
  • 馆藏检索
  • 电子资源
  • 读者导购
  • 参考咨询
  • 我的图书馆
  • 登录
  • 详细信息显示
  • 放入我的书架
  • 预约/预借图书
  • 作者相关作品
  • 分类相关作品
  • 丛书相关作品
  • 出版社相关作品

书目信息

  • 表格格式
  • 工作单格式
  • 卡片格式
题名:
元素有机化合物及其聚合物
    
 
作者: 冯春祥 , 宋永才 , 谭自烈 编著
分册:  
出版信息: 长沙   国防科技大学出版社  1999
页数: 409页
开本: 20cm
丛书名: 学术著作丛书
单 册:
中图分类: O627
科图分类:
主题词: 有机化学
电子资源:
ISBN: 7-81024-503-1
000 00740nam0 2200241 45
001 0304230942
005 20031219104109.8
010    @a7-81024-503-1@b精装@dCNY20.00
100    @a20030423d1999 km y0chiy0120 ea
101 0  @achi
105    @a z 000yy
200 1  @a元素有机化合物及其聚合物@AYuan Su You Ji Hua He Wu Ji Qi Ju He Wu@f冯春祥,宋永才,谭自烈编著@FFeng Chun Xiang,Song Yong Cai,Tan Zi Lie Bian Zhu
210    @a长沙@c国防科技大学出版社@d1999
215    @a409页@d20cm
225    @a学术著作丛书
410    @12001 @a学术著作丛书
606 0  @a有机化学
690    @aO627@v4
701  0 @a冯春祥@4编著
701  0 @a宋永才@4编著
701  0 @a谭自烈@4编著
801    @aCN@bTSTC@c20030423
905    @b323215-219@dO627@e1@f5
    
    元素有机化合物及其聚合物/冯春祥,宋永才,谭自烈编著.-长沙:国防科技大学出版社,1999
    409页;20cm.-(学术著作丛书)
    
    
    ISBN 7-81024-503-1(精装):CNY20.00
    
●
相关链接 在E读中查询图书 在五车中查询图书 在当当中查询图书 在豆瓣中查询图书


正题名:元素有机化合物及其聚合物     索取号:O627/1         预约/预借

序号 登录号 条形码 馆藏地/架位号 状态 备注
1 0323215   203232153   第三借阅区/ [索取号:O627/1] 在馆    
2 0323216   203232162   第三借阅区/ [索取号:O627/1] 在馆    
3 0323217   203232171   第三借阅区/ [索取号:O627/1] 在馆    
4 0323218   203232180   第三借阅区/ [索取号:O627/1] 在馆    
5 0323219   203232199   第二样本阅览室/ [索取号:O627/1] 在馆    
唐山师范学院图书馆 欢迎您!
大连网信软件有限公司© 版权所有